Leibniz az igazságosságról
Elmentve itt :
| Szerző: | |
|---|---|
| Testületi szerző: | |
| Dokumentumtípus: | Könyv része |
| Megjelent: |
2009
|
| Sorozat: | Lábjegyzetek Platónhoz
7 Az igazságosság 7 |
| Kulcsszavak: | Gottfried Wilhelm Leibniz, Filozófia - német - 17-18. sz. - életmű, Igazságosság - filozófia |
| Tárgyszavak: | |
| Online Access: | http://acta.bibl.u-szeged.hu/49153 |
| LEADER | 00906naa a2200241 i 4500 | ||
|---|---|---|---|
| 001 | acta49153 | ||
| 005 | 20220107123423.0 | ||
| 008 | 170803s2009 hu o 0|| hun d | ||
| 020 | |a 978 963 06 6704 3 | ||
| 022 | |a 1785 7082 | ||
| 040 | |a SZTE Egyetemi Kiadványok Repozitórium |b hun | ||
| 041 | |a hun | ||
| 100 | 1 | |a Boros Gábor | |
| 245 | 1 | 0 | |a Leibniz az igazságosságról |h [elektronikus dokumentum] / |c Boros Gábor |
| 260 | |c 2009 | ||
| 300 | |a 187-195 | ||
| 490 | 0 | |a Lábjegyzetek Platónhoz |v 7 | |
| 490 | 0 | |a Az igazságosság |v 7 | |
| 650 | 4 | |a Bölcsészettudományok | |
| 650 | 4 | |a Filozófia, etika és vallástudományok | |
| 695 | |a Gottfried Wilhelm Leibniz, Filozófia - német - 17-18. sz. - életmű, Igazságosság - filozófia | ||
| 710 | |a Lábjegyzetek Platónhoz: Az igazságosság (2008) (Szeged) | ||
| 856 | 4 | 0 | |u http://acta.bibl.u-szeged.hu/49153/1/platonhoz_007_187-195.pdf |z Dokumentum-elérés |